000
00283nam a22001337a 4500
008
180125b xxu||||| |||| 00| 0 eng d
020
_a
9781402759895
041
_a
eng
080
_a
37
100
_a
47
101
_a
EDU
245
_a
Mind challenges
_c
Johnson,T
942
_2
udc
_c
BK
999
_c
40906
_d
40906